Jeremy Artists - Sudden Death - Statistics

General Stats
  • This quiz has been taken 35 times
  • The average score is 7 of 24
Answers on the Grid
Answers color-coded by a green-red scale on the quiz's grid according to % correct below.
Zach Bryan
Radiohead
Arctic Monkeys
Turnpike Troubadours
Bring Me the Horizon
Taylor Swift
Parker McCollum
Randall King
Poison the Well
Coldplay
Thrice
Deftones
Slint
Poppy
Linkin Park
Modest Mouse
Architects
Morgan Wallen
Twenty One Pilots
My Chemical Romance
Nirvana
Kendrick Lamar
Denzel Curry
Tyler Childers
Cyndi Lauper
Frank Zappa
Jack Harlow
The Longest Johns
Frank Ocean
Miles Davis
Bo Burnham
Falling in Reverse
Rob Zombie
Playboi Carti
Walker Hayes
Blake Shelton
Godsmack
Ariana Grande
Insane Clown Posse
Drake
 
Answer Stats
Answer % Correct
Bring Me the Horizon
57%
Kendrick Lamar
57%
Radiohead
57%
Twenty One Pilots
57%
Arctic Monkeys
43%
Linkin Park
43%
Modest Mouse
43%
Zach Bryan
43%
Coldplay
29%
Deftones
29%
Morgan Wallen
29%
My Chemical Romance
29%
Nirvana
29%
Randall King
29%
Taylor Swift
29%
Tyler Childers
29%
Architects
14%
Denzel Curry
14%
Parker McCollum
14%
Poppy
14%
Turnpike Troubadours
14%
Poison the Well
0%
Slint
0%
Thrice
0%
No matching quizzes found
Score Distribution
Percent of People with Each Score
Percentile by Number Answered
Your Score History
You have not taken this quiz